Responses for Show #3899 - Thursday, July 12, 2001

Alan Bailey game 1.

Contestants

[<< previous game]

Alan Bailey, a playwright and director from Sherman Oaks, California

Susan Insoft, an attorney and stay-at-home mom from Newton, Massachusetts

Michael Hall, a graduate student originally from Irwin, Pennsylvania (whose 2-day cash winnings total $18,500)

[next game >>]

Jeopardy! Round responses

ON THE BEAT WITH ANDY SIPOWICZ
BRAND NAME ORIGINS
SKY HIGH
(Alex: We'll name a tall building, you tell us what city it's in.)
A FORD IN YOUR PAST
MOVIE REVIEWS
"HEAVEN" & "HELL"
    $100 3
medical examiner

Alan
    $100 1
Lego

Susan
    $100 9
Mexico City

Michael
    $100 30
Jesse James

Michael
    $100 11
Cast Away

Michael
    $100 19
Hell's Angels

Alan
    $200 4
chalk

Susan
    $200 2
Samsonite

Alan
    $200 10
Los Angeles

Alan
    $200 27
Whitey Ford

Alan
    $200 12
Traffic

Susan
    $200 20
"Sleep in heavenly peace"

Alan
    $300 5
(Alan: What's habeus corpus?)
(Michael: What is a warrant?)
(Alex: Be more specific?)

search warrant

MichaelAlan
    $300 6
(Alex: Did you realize there was a man named [*]?)

(Roy) Jacuzzi

Triple Stumper
    $300 16
New York City

Susan
    $300 26
Tennessee Ernie Ford

Michael
    $300 13
Crouching Tiger, Hidden Dragon

Michael
    $300 23
(Michael: What is the Grand Canyon?)

Hell's Canyon

Michael
Triple Stumper
    $400 21
the vice squad

Alan
    $400 7
(Alex: Sorry, Alan, not quickly enough.)

Wham-o

Triple Stumper
    $400 17
Atlanta

Susan
    $1,000 28
Windsor

Alan
    $400 14
Chocolat

Michael
    $400 24
a Hellcat

Alan
    $500 22
Miranda

Susan
    $500 8
Dutch Boy

Susan
    $500 18
(Michael: What is Atlanta?)
...
(Alex: It's not the "CNN" Tower, it's the CN which stands for "Canadian National" and it is the tallest freestanding structure in the world and it is in [*].)

Toronto

Michael
Triple Stumper
    $500 29
Joseph Conrad

Michael
    $500 15
Pay It Forward

Susan
    $500 25
Heaven and Earth

Triple Stumper

Scores at the first commercial break (after clue 15):

Michael Susan Alan
$1,200 $1,500 $200

Scores at the end of the Jeopardy! Round:

Michael Susan Alan
$1,300 $2,700 $2,500

Double Jeopardy! Round responses

ARCHAEOLOGY
'60s TV
POETS & POETRY
I BEAT YOU
(Alex: And we're refering to presidential elections.)
MUSEUMS
ABC
(Alex: Those letters, A, B, C, will appear in each correct response in that order.)
    $200 23
a dig

Susan
    $200 6
Lucille Ball

Susan
    $200 11
(Alice) Walker

Alan
    $200 1
Franklin Roosevelt

Michael
    $200 13
Smithsonian

Alan
    $200 12
aerobic

Susan
    $400 25
walking upright

Susan
    $400 7
Lassie and Bullwinkle

Alan
    $400 21
(Allen) Ginsberg

Michael
    $400 2
Richard Nixon

Susan
    $400 18
Coca-Cola

Susan
    $400 14
agoraphobic

Alan
    $1,000 26
(Alex: They usually grow to 18 feet, max.)

a giraffe

Susan
    $600 8
Bell

Alan
    $600 22
Sappho

Alan
    $600 3
Eisenhower

Michael
    $600 19
the Holocaust Museum

Susan
    $600 15
Arabic

Alan
    $800 27
a petroglyph

Triple Stumper
    $1,500 9
the Super Bowl

Alan
    $800 29
...all's right with the world

Alan
    $800 4
Andrew Jackson

Alan
    $800 20
Remington

Michael
    $800 16
acerbic

Alan
    $1000 28
(Alan: What is Neanderthal?)
...
(Alex: Neanderthal is a valley; [*] is the city.)

Heidelberg

Alan
Triple Stumper
    $1000 10
Hugh Downs

Michael
    $1000 30
(Michael: Who is Wordsworth?)

Gray

Michael
Triple Stumper
    $1000 5
William McKinley

Alan
    $1000 24
the Field Museum

Alan
    $1000 17
(Susan: What is an archbishop?)

archbishopric

SusanAlan

Scores at the end of the Double Jeopardy! Round:

Michael Susan Alan
$3,300 $5,100 $11,400
(lock game)

[wagering suggestions for these scores]

Final Jeopardy! Round responses

COLLEGES AND UNIVERSITIES
(Alex: To help you all out with this Final Jeopardy!, I want you show you a little bit of video first. Take a look:)
[Clip of woman singing "My Country, 'Tis Of Thee"]
...
(Alex: The singer, of course, is the great Marian Anderson. She was performing in front of the Lincoln Memorial in Washington, D.C.)
...
(Alex: [*], black college in Washington.)
MichaelWhat is the University of Pennsylvania?
$3,000
SusanWhat is George Washington
$5,000
AlanWhat is Harvard?
$1,199
Howard University

Final scores:

Michael Susan Alan
$300 $100 $10,201
2nd place: 10-day cruise in the South Pacific 3rd place: Music CD's from Capitol Records New champion: $10,201

Game dynamics:

Coryat scores:

Michael Susan Alan
$3,300 $4,700 $10,100
13 R,
3 W
16 R
(including 1 DD),
1 W
23 R
(including 2 DDs),
2 W

Combined Coryat: $18,100

[game clues] [game scores] [suggest correction]

Game tape date: 2001-03-21
The J! Archive is created by fans, for fans. Scraping, republication, monetization, and malicious use prohibited; this site may use cookies and collect identifying information. See terms. The Jeopardy! game show and all elements thereof, including but not limited to copyright and trademark thereto, are the property of Jeopardy Productions, Inc. and are protected under law. This website is not affiliated with, sponsored by, or operated by Jeopardy Productions, Inc. Join the discussion at JBoard.tv.